[Event "Oz.com qualifier blitz"]
[Site "Internet ICC"]
[Date "2000.03.05"]
[Round "3"]
[White "Dalmau,Jo"]
[Black "Bilyap,E"]
[Result "0-1"]
[WhiteElo "2028"]
[BlackElo "2078"]

1.e4 c5 2.Nf3 Nc6 3.Bb5 g6 4.O-O Bg7 5.Re1 Nf6 6.c3 a6 7.Bf1 O-O 8.d4 cxd4
9.cxd4 d5 10.e5 Ne4 11.Be3 h6 12.Nc3 Nxc3 13.bxc3 Be6 14.Qd2 Kh7 15.Reb1 Qc7
16.Ne1 Na5 17.Nd3 Nc4 18.Qc1 Bf5 19.Rb3 Bxd3 20.Bxd3 b5 21.h4 h5 22.Qd1 Qd7
23.Qxh5+ Kg8 24.Qe2 Rfc8 25.h5 Na5 26.Rbb1 gxh5 27.Qxh5 Rxc3 28.Bf5 e6 29.Bh7+ Kf8
30.Rc1 Rac8 31.Rxc3 Rxc3 32.Rc1 Rxc1+ 33.Bxc1 Qc7 34.Bh6 Bxh6 35.Qxh6+ Ke8
36.Qg5 Qc3 37.Qf4 Nc6 38.Bg8 Nd8 39.g4 Qd3 40.Qh6 Qd1+ 41.Kh2 Qxg4 42.Qh8 Qf4+
43.Kg1 Ke7 44.Bh7 Qxd4 45.Qf6+ Kd7 46.Kf1 Qd1+ 47.Kg2 Qg4+ 48.Kf1 b4 49.Ke1 a5
50.Bc2 Qd4 51.Ba4+ Kc8 52.Qe7 Qxe5+ 53.Kf1 Qc7 54.Qf6 Qc4+ 55.Kg2 Qxa2 56.Be8 Qc4
57.Bxf7 Nxf7 58.Qxe6+ Kc7 59.Qxf7+ Kb6 60.Qe6+ Qc6 61.Qe5 Kb5 62.f4 b3 63.Qe2+ Qc4
64.Qe8+ Kb4 65.Qb8+ Ka3 66.Qa7 a4 67.f5 Qe4+ 68.Kg3 Qxf5 69.Qc5+ Ka2  0-1

[Event "Oz.com qualifier blitz"]
[Site "Internet ICC"]
[Date "2000.03.05"]
[Round "4"]
[White "Lugo,B"]
[Black "Al Sayed,Mohammed"]
[Result "0-1"]
[WhiteElo "2415"]
[BlackElo "2082"]

1.e4 c5 2.Nf3 Nc6 3.Bb5 g6 4.Bxc6 bxc6 5.O-O Bg7 6.c3 e5 7.d4 cxd4 8.cxd4 exd4
9.Nxd4 Ne7 10.Nc3 O-O 11.Bg5 h6 12.Bh4 a6 13.Kh1 c5 14.Nb3 d6 15.Bg3 c4 16.Nc1 Bb7
17.Qxd6 Bxc3 18.bxc3 Bxe4 19.Qf4 Qd5 20.f3 Bd3 21.Nxd3 cxd3 22.Qxh6 Nf5 23.Qf4 Rac8
24.Be1 Rfe8 25.Bd2 Rc4 26.Qg5 Re2 27.Rab1 Rc8 28.Rb6 Qxa2 29.Bf4 d2 30.Bg3 Rxg2
31.Rxg6+ fxg6 32.Qxg6+ Ng7 33.Kxg2 d1=Q+ 34.Rf2 Qab1 35.Qxa6 Qh1+ 36.Kh3 Qf5+
37.Kh4 Qh5+  0-1

[Event "Oz.com qualifier blitz"]
[Site "Internet ICC"]
[Date "2000.03.05"]
[Round "4"]
[White "Fernando,D"]
[Black "Siraco,M"]
[Result "0-1"]
[WhiteElo "2270"]
[BlackElo "2165"]

1.e4 c5 2.Nf3 Nc6 3.Bb5 g6 4.O-O Bg7 5.Nc3 Nd4 6.Nxd4 cxd4 7.Ne2 Qb6 8.Bc4 Nf6
9.d3 O-O 10.f4 d5 11.exd5 Rd8 12.c3 dxc3+ 13.Kh1 cxb2 14.Bxb2 Qxb2 15.Rb1 Qa3
16.Rb3 Qd6 17.Ng3 Nxd5 18.Ne4 Qc7 19.h3 Ne3 20.Qc1 Nxc4 21.dxc4 Rd4 22.Ng5 Rxc4
23.Qe3 Bf5 24.g4 Qc6+ 25.Kg1 Bd4  0-1

[Event "Oz.com qualifier blitz"]
[Site "Internet ICC"]
[Date "2000.03.05"]
[Round "5"]
[White "Martinez,Marce"]
[Black "Grivas,E"]
[Result "1-0"]
[WhiteElo "2349"]
[BlackElo "2503"]

1.e4 c5 2.Nf3 Nc6 3.Bb5 d6 4.O-O Bd7 5.Re1 Nf6 6.c3 a6 7.Bf1 Bg4 8.h3 Bxf3
9.Qxf3 g6 10.Qd1 Qb6 11.Na3 Bg7 12.Nc4 Qc7 13.a4 d5 14.exd5 Nxd5 15.Qf3 Rd8
16.d3 O-O 17.Bg5 b5 18.axb5 axb5 19.Na3 Qb6 20.c4 bxc4 21.Nxc4 Qc7 22.Qe4 Rfe8
23.Ra4 Nd4 24.Rea1 Nc6 25.g3 Ndb4 26.Be3 Bd4 27.Bf4 Qd7 28.Kg2 Bg7 29.Be3 f5
30.Qf3 Bd4 31.h4 Bxe3 32.fxe3 e5 33.Kh2 e4 34.dxe4 fxe4 35.Qf4 Qe7 36.Bg2 Qe6
37.b3 Nd3 38.Qg5 Rd5 39.Bh3 Qf7 40.Qg4 Nce5 41.Qe2 Nf3+ 42.Kg2 Nde5 43.Rd1 Rxd1
44.Qxd1 Nxc4 45.bxc4 Qe7 46.Qd5+ Kg7 47.Ra8 Rxa8 48.Qxa8 Qe5 49.Qb7+ Kh6
50.Bg4 Nd2 51.Qf7 Qg7 52.Qf4+ g5 53.Qd6+ Qg6 54.Qf8+ Qg7 55.hxg5+ Kg6 56.Bf5+  1-0

[Event "Oz.com qualifier blitz"]
[Site "Internet ICC"]
[Date "2000.03.05"]
[Round "6"]
[White "Teuton,L"]
[Black "Annakov,B"]
[Result "0-1"]
[WhiteElo "2225"]
[BlackElo "2600"]

1.e4 c5 2.Nf3 Nc6 3.Bb5 e6 4.Bxc6 bxc6 5.O-O Ne7 6.d3 Ng6 7.b3 Be7 8.Bb2 O-O
9.Nbd2 d6 10.Re1 e5 11.a4 f5 12.exf5 Bxf5 13.Qe2 Nf4 14.Qf1 Qd7 15.Bxe5 dxe5
16.Nxe5 Qc7 17.Nxc6 Qxc6 18.Rxe7 Rad8 19.Rae1 Rd6 20.Ne4 Rg6 21.Ng3 Bc8 22.Rxa7 Bb7
23.Re7 Nh3+ 24.Kh1 Nxf2+ 25.Qxf2 Rxf2 26.Raxb7 Rf1+  0-1

[Event "Oz.com qualifier blitz"]
[Site "Internet ICC"]
[Date "2000.03.05"]
[Round "8"]
[White "Lugo,B"]
[Black "Mont Reynaud,J"]
[Result "1-0"]
[WhiteElo "2415"]
[BlackElo "2282"]

1.e4 c5 2.Nf3 Nc6 3.Bb5 g6 4.Bxc6 dxc6 5.Nc3 Bg7 6.d3 e5 7.Be3 Qe7 8.Qd2 Nf6
9.Bh6 Bxh6 10.Qxh6 Bg4 11.Nd2 Be6 12.Nf3 Bg4 13.Nd2 O-O-O 14.Nc4 Nd7 15.a4 Be6
16.Ne3 f5 17.exf5 gxf5 18.f4 Rhg8 19.fxe5 Nxe5 20.O-O-O Ng6 21.g3 Qf6 22.Rhf1 Rd7
23.Rde1 Rf8 24.Ng4 Qd4 25.Ne5 Nxe5 26.Qxf8+ Kc7 27.Qe8 Qd6 28.Qh8 Ng4 29.h3 Nh2
30.Rf2 Qxg3 31.Qe5+ Qxe5 32.Rxe5  1-0

[Event "Oz.com qualifier blitz"]
[Site "Internet ICC"]
[Date "2000.03.05"]
[Round "9"]
[White "Martinez,Marce"]
[Black "Battsetseg,T"]
[Result "1-0"]
[WhiteElo "2349"]
[BlackElo "2218"]

1.e4 c5 2.Nf3 Nc6 3.Bb5 g6 4.O-O Bg7 5.Re1 Nf6 6.e5 Nd5 7.Nc3 Nxc3 8.bxc3 O-O
9.d4 cxd4 10.cxd4 d5 11.h3 Bf5 12.c3 Qa5 13.Qb3 a6 14.Bf1 Rfc8 15.Bd2 Qd8
16.Qxb7 Na5 17.Qb2 Rab8 18.Qc1 Nc4 19.Bh6 Qa5 20.Qg5 Rb7 21.Bxg7 Kxg7 22.Nh4 Be6
23.f4 Qxc3 24.f5 h6 25.Qg4 Bd7 26.e6 h5 27.Qf4 Be8 28.exf7 Bxf7 29.fxg6 Bxg6
30.Qg5 Qxd4+ 31.Kh1 Qf6 32.Qxd5 Rbc7 33.Nxg6 Qxg6 34.Bxc4 Rxc4 35.Rxe7+ Kf8
36.Re6 Rc1+ 37.Rxc1 Rxc1+ 38.Kh2  1-0

[Event "Oz.com qualifier blitz"]
[Site "Internet ICC"]
[Date "2000.03.05"]
[Round "9"]
[White "Glek,I"]
[Black "Gulko,B"]
[Result "1-0"]
[WhiteElo "2554"]
[BlackElo "2644"]

1.e4 c5 2.Nf3 Nc6 3.Bb5 e6 4.O-O Nge7 5.Re1 a6 6.Bxc6 bxc6 7.b3 Ng6 8.Ba3 Qb6
9.d4 cxd4 10.Bxf8 Kxf8 11.Nxd4 c5 12.Nf3 f6 13.Na3 Qc7 14.Nc4 Bb7 15.Nd6 Ke7
16.Nxb7 Qxb7 17.Qd2 Rhd8 18.Rad1 Qc6 19.Re3 d5 20.exd5 Rxd5 21.Qxd5  1-0

[Event "FSIMC March"]
[Site "Budapest HUN"]
[Date "2000.03.08"]
[Round "3"]
[White "Balogh,C"]
[Black "Kragelj,I"]
[Result "1/2-1/2"]
[WhiteElo "2356"]
[BlackElo "2214"]

1.e4 c5 2.Nf3 Nc6 3.Bb5 e6 4.O-O Nge7 5.c3 a6 6.Be2 d5 7.exd5 Nxd5 8.d4 cxd4
9.Nxd4 Bd7 10.Bf3 Nxd4 11.Qxd4 Bc6 12.Nd2 Qc7 13.Nc4 b5 14.Qe5 Qxe5 15.Nxe5 Bb7
16.c4 Bd6 17.Nxf7 Kxf7 18.cxd5 Bxd5 19.Bxd5 exd5 20.Rd1 Be5 21.Be3 Bxb2 22.Rab1 Bf6  1/2-1/2

[Event "La Perla Open"]
[Site "Lugano SUI"]
[Date "2000.03.11"]
[Round "5"]
[White "Djuric,S"]
[Black "Horvath,Cs"]
[Result "1/2-1/2"]
[WhiteElo "2491"]
[BlackElo "2519"]

1.e4 c5 2.Nf3 Nc6 3.Bb5 e6 4.O-O Nge7 5.Re1 a6 6.Bf1 d5 7.exd5 Nxd5 8.d4 Nf6
9.c3 cxd4 10.cxd4 Be7 11.Nc3 O-O  1/2-1/2

[Event "Ciocaltea Mem"]
[Site "Bucharest ROM"]
[Date "2000.03.13"]
[Round "1"]
[White "Svetushkin,D"]
[Black "Moldovan,D"]
[Result "1-0"]
[WhiteElo "2486"]
[BlackElo "2434"]

1.e4 c5 2.Nf3 Nc6 3.Bb5 g6 4.O-O Bg7 5.Re1 Nf6 6.e5 Nd5 7.Nc3 Nc7 8.Bxc6 dxc6
9.Ne4 b6 10.Nf6+ Kf8 11.Ne4 Bg4 12.d3 Ne6 13.Ned2 Bh6 14.Re4 Bxf3 15.Nxf3 Bxc1
16.Qxc1 Kg7 17.Qe3 Qd7 18.Rd1 Rad8 19.c4 h6 20.h4 Kh7 21.g3 Rhe8 22.Kg2 f5
23.exf6 exf6 24.Re1 Ng7 25.Re7 Rxe7 26.Qxe7 Qxe7 27.Rxe7 Rxd3 28.Rxa7 b5
29.Ra5 b4 30.Rxc5 Rd6 31.Ra5 g5 32.hxg5 hxg5 33.Ra6 Ne6 34.Rb6 Nc5 35.Rxb4 g4
36.Nh2 f5 37.Nf1 Rd1 38.Ne3 Rd2 39.Kg1 Ne4 40.Nxf5 Nxf2 41.Ne3 Ne4 42.Nxg4 Nxg3
43.Nf2 Ne2+ 44.Kg2 Nc1 45.Rb7+ Kg6 46.Kf3 Nxa2 47.Ke3 Rc2 48.Nd3 Kf5 49.Ra7  1-0

[Event "33rd 8th March Women's It"]
[Site "Belgrade YUG"]
[Date "2000.03.14"]
[Round "11"]
[White "Kovalevskaya,E"]
[Black "Manakova,M"]
[Result "1-0"]
[WhiteElo "2451"]
[BlackElo "2348"]

1.e4 c5 2.Nf3 Nc6 3.Bb5 e6 4.Bxc6 bxc6 5.b3 Ne7 6.h4 d6 7.Bb2 e5 8.c3 Ng6
9.d3 Bg4 10.g3 Qf6 11.Nbd2 h5 12.Kf1 d5 13.Kg2 Be7 14.Nf1 Rd8 15.Qe2 Qe6
16.Ne3 O-O 17.Nxg4 Qxg4 18.Kf1 dxe4 19.dxe4 f5 20.Nd2 f4 21.Qxg4 hxg4 22.Ke2 fxg3
23.fxg3 Rf2+ 24.Kxf2 Rxd2+ 25.Ke3 Rxb2 26.Rhb1 Rg2 27.Rg1 Rxg1 28.Rxg1 c4
29.Ke2 cxb3 30.axb3 Bc5 31.Rf1 Nf8 32.Rd1 Kf7 33.Rd8 Ke7 34.Rb8 Nd7 35.Rg8 Nf6
36.Rxg7+ Kf8 37.Rg5 Nxe4 38.Rf5+ Kg7 39.Rxe5 Nxg3+ 40.Kd3 Bd6 41.Rg5+ Kf6
42.Rxg4 c5 43.Rg8 Bc7 44.Kc4 Ne4 45.h5 Bf4 46.Kd3 Nd6 47.Ra8 Kg5 48.Rxa7 c4+
49.bxc4 Kxh5 50.Rg7 Be5 51.Re7 Bf4 52.c5 Nb5 53.c4 Nc7 54.Ke4 Kg5 55.Rh7 Ne6
56.Kd5 Kf6 57.Kc6 Be3 58.Rh5 Bf2 59.Kd6 Bg3+ 60.Kd7 Nf8+ 61.Ke8 Ne6 62.Rh3 Bf4
63.c6 Ke5 64.Rd3 Ke4 65.Rd1 Nc7+ 66.Kd7 Na6 67.Kc8 Nc5 68.Rd5 Na4 69.Kb7 Nb2
70.Rc5 Kd4 71.Rf5 Bg3 72.Rg5 Be5 73.Rxe5 Kxe5 74.c5 Na4 75.c7 Nxc5+ 76.Kc6  1-0

[Event "33rd 8th March Women's It"]
[Site "Belgrade YUG"]
[Date "2000.03.14"]
[Round "11"]
[White "Chelushkina,I"]
[Black "Stepovaia Dianchenko,T"]
[Result "1-0"]
[WhiteElo "2398"]
[BlackElo "2420"]

1.e4 c5 2.Nf3 Nc6 3.Bb5 g6 4.O-O Bg7 5.Re1 Nf6 6.Nc3 O-O 7.e5 Ne8 8.b3 Nd4
9.Bb2 Nxb5 10.Nxb5 a6 11.Nc3 d5 12.d4 cxd4 13.Qxd4 Nc7 14.Rad1 Be6 15.Qh4 f6
16.Na4 b5 17.Nc5 Bf7 18.e6 Be8 19.Qd4 Bc6 20.h4 Ne8 21.Nd7 f5 22.Nfe5 Bxd7
23.Qxd5 Nf6 24.Qf3 Ne4 25.exd7 Qc7 26.Qd3 e6 27.f3 Bxe5 28.Bxe5 Qxe5 29.fxe4 f4
30.Qd6 Qf6 31.Rf1 Kg7 32.c4 Qxh4 33.Qe5+ Kg8 34.Qxe6+ Kg7 35.Qe5+ Kg8 36.Qd5+ Kg7
37.Qd4+ Kg8 38.e5 Qg4 39.Qd5+ Kg7 40.e6  1-0

[Event "Sufe Cup"]
[Site "Shanghai CHN"]
[Date "2000.03.15"]
[Round "13"]
[White "Peng Xiaomin"]
[Black "Pigusov,E"]
[Result "1/2-1/2"]
[WhiteElo "2624"]
[BlackElo "2610"]

1.e4 c5 2.Nf3 Nc6 3.Bb5 g6 4.O-O Bg7 5.c3 a6 6.Bxc6 dxc6 7.d3 Nf6 8.h3 O-O
9.Re1 b6 10.d4 cxd4 11.cxd4 c5 12.d5 Bb7 13.Nc3 b5  1/2-1/2

[Event "Belgian Interteams 1999-2000"]
[Site "Antwerp BEL"]
[Date "2000.03.19"]
[Round "11"]
[White "Weemaes,R"]
[Black "Kishnev,S"]
[Result "1/2-1/2"]
[WhiteElo "2292"]
[BlackElo "2513"]

1.e4 c5 2.Nf3 Nc6 3.Bb5 d6 4.O-O Bd7 5.c3 a6 6.Bxc6 Bxc6 7.Re1 Nf6 8.d4 Bxe4
9.Bg5 Bg6 10.Nbd2 e6 11.d5 e5 12.Nc4 Be7 13.Nfxe5 dxe5 14.d6 e4 15.dxe7 Qxd1
16.Raxd1 Kxe7 17.Nb6 Rad8 18.Be3  1/2-1/2

[Event "55th ch-YUG"]
[Site "Subotica YUG"]
[Date "2000.03.23"]
[Round "7"]
[White "Markovic,Miros"]
[Black "Perunovic,Mil"]
[Result "0-1"]
[WhiteElo "2586"]
[BlackElo "2384"]

1.e4 c5 2.Nf3 Nc6 3.Bb5 e6 4.Bxc6 bxc6 5.d3 Ne7 6.h4 h5 7.Qe2 f6 8.e5 fxe5
9.Qxe5 Nf5 10.Bg5 Be7 11.Nc3 d6 12.Qe2 Rb8 13.b3 e5 14.Ne4 O-O 15.c3 a5 16.Rd1 a4
17.bxa4 g6 18.O-O Ra8 19.Qc2 Be6 20.d4 exd4 21.cxd4 c4 22.Nc3 Bd5 23.Nxd5 cxd5
24.Rfe1 Bxg5 25.Nxg5 Nxh4 26.Ne6 Qd7 27.Re2 Rf6 28.Rde1 Re8 29.Ng5 Ref8 30.f3 Nf5
31.Qc3 Qxa4 32.Ne6 R8f7 33.Nf4 Qc6 34.Re8+ Rf8 35.Rxf8+ Kxf8 36.Qa5 Nxd4
37.Nxd5 Re6 38.Rxe6 Nxe6 39.Qd8+  0-1

[Event "ch-ISL (team)"]
[Site "Reykjavik ISL"]
[Date "2000.03.24"]
[Round "?"]
[White "Olafsson,H"]
[Black "Loftsson,H"]
[Result "1-0"]
[WhiteElo "2491"]
[BlackElo "2250"]

1.e4 c5 2.Nf3 Nc6 3.Bb5 g6 4.O-O Bg7 5.Re1 Nd4 6.Nxd4 cxd4 7.c3 a6 8.Bf1 dxc3
9.Nxc3 d6 10.d4 e6 11.Bf4 Ne7 12.Qd2 O-O 13.Rad1 b5 14.Bh6 Bb7 15.Bxg7 Kxg7
16.Re3 Rc8 17.Ne2 Ng8 18.Ng3 f5 19.Ree1 Nf6 20.d5 Nxe4 21.Nxe4 fxe4 22.dxe6 d5
23.Qd4+ Qf6 24.Qa7 Rc7 25.Rxd5 Qxe6 26.Rd2 Rcf7 27.a3 Qf6 28.Qe3 Qf4 29.Qxf4 Rxf4
30.g3 R4f7 31.Bg2 e3 32.Rxe3 Bxg2 33.Kxg2 Rc7 34.Re6 Rf6 35.Rxf6 Kxf6 36.Rd6+ Kg7
37.Rxa6 Rc2 38.b4 Ra2 39.Ra7+ Kf6 40.Rxh7 Rxa3 41.Rb7  1-0

[Event "ch-ISL (team)"]
[Site "Reykjavik ISL"]
[Date "2000.03.24"]
[Round "?"]
[White "Karlsson,A"]
[Black "Rogers,I"]
[Result "0-1"]
[WhiteElo "2305"]
[BlackElo "2562"]

1.e4 c5 2.Nf3 Nc6 3.Bb5 e6 4.Bxc6 bxc6 5.b3 Ne7 6.Bb2 Ng6 7.h4 h5 8.g3 f6
9.d4 cxd4 10.Qxd4 Qb6 11.Qd3 Bb4+ 12.Nbd2 Ba6 13.c4 O-O 14.Qxd7 Rad8 15.Qxe6+ Rf7
16.c5 Qxc5 17.Rc1 Qa5 18.Rc2 Qxa2 19.Kd1 Qb1+ 20.Bc1 Be2+ 21.Kxe2 Qxc2 22.Rd1 Qd3+  0-1

[Event "21st Open A"]
[Site "Bled SLO"]
[Date "2000.03.26"]
[Round "2"]
[White "Markovic,Iv YUG"]
[Black "Jelen,Ig"]
[Result "1-0"]
[WhiteElo "2462"]
[BlackElo "2427"]

1.e4 c5 2.Nf3 Nc6 3.Bb5 g6 4.Bxc6 dxc6 5.h3 Bg7 6.d3 b6 7.Nc3 e5 8.Be3 Ne7
9.a3 a5 10.Qd2 h6 11.Na4 Be6 12.O-O f5 13.exf5 gxf5 14.Rae1 Bd5 15.Nh4 Bf6
16.Qe2 Bf7 17.Nf3 Ng6 18.Nxe5 Bxe5 19.Bf4 O-O 20.Bxe5 Re8 21.f4 Nxe5 22.fxe5 Qd4+
23.Qf2 Qxa4 24.Qxf5 Qd4+ 25.Kh1 Qd5 26.Re4 Ra7 27.Rg4+ Kf8 28.Qf6 Rxe5 29.Qh8+ Ke7
30.Rxf7+ Kxf7 31.Rg7+ Ke6 32.Qxh6+  1-0

[Event "ch-LTU"]
[Site "Vilnius LTU"]
[Date "2000.03.27"]
[Round "3"]
[White "Petrauskas,R"]
[Black "Rutkauskas,G"]
[Result "1-0"]
[WhiteElo "2260"]
[BlackElo "2081"]

1.e4 c5 2.Nf3 Nc6 3.Bb5 a6 4.Bxc6 bxc6 5.c4 g6 6.d4 Bg7 7.Nc3 cxd4 8.Nxd4 c5
9.Nde2 Rb8 10.O-O d6 11.Qc2 Bd7 12.f4 Nh6 13.f5 Ng4 14.h3 Ne5 15.Nd5 Nc6
16.Rb1 Nb4 17.Nxb4 Rxb4 18.Bd2 Rb7 19.Bc3 f6 20.Nf4 gxf5 21.exf5 Qc8 22.Nd5 Bc6
23.Qd1 h5 24.Qf3 Bxd5 25.Qxd5 Kd8 26.Qf7 e5 27.Ba5+  1-0

[Event "21st Open A"]
[Site "Bled SLO"]
[Date "2000.03.28"]
[Round "4"]
[White "Kucera,P"]
[Black "Podlesnik,B"]
[Result "0-1"]
[WhiteElo "2375"]
[BlackElo "2415"]

1.e4 c5 2.Nf3 Nc6 3.Bb5 e6 4.O-O Nge7 5.Re1 a6 6.Bf1 d5 7.exd5 Qxd5 8.Nc3 Qd8
9.Ne4 Ng6 10.b3 Be7 11.Bb2 e5 12.Ng3 O-O 13.Bd3 f6 14.Bf5 Nf4 15.d3 g6 16.Bxc8 Rxc8
17.Nd2 Nd4 18.Nc4 Qd5 19.Ne3 Qc6 20.Ne4 f5 21.Nd2 Bf6 22.Kh1 Rcd8 23.a4 b6
24.f3 Rfe8 25.g3 Nh3 26.Kg2 Ng5 27.h4 Nf7 28.c3 Ne6 29.Qc2 Bg7 30.Rad1 f4
31.Ng4 h5 32.Nf2 fxg3 33.Kxg3 Nd6 34.Nde4 Nf5+ 35.Kh2 Nxh4 36.Kg3 g5 37.Nh3 Rf8
38.Ng1 Nf4 39.Bc1 Qg6 40.Bxf4 Rxf4 41.Rf1 Nf5+ 42.Kf2 g4 43.Ke2 Rf8 44.Rf2 Nh4
45.c4 Bh6 46.Re1 g3 47.Rff1 Nf5 48.Kd1 Rh4  0-1

[Event "Cat XI Spring"]
[Site "Kiev UKR"]
[Date "2000.03.28"]
[Round "7"]
[White "Svetushkin,D"]
[Black "Gritsak,O"]
[Result "1/2-1/2"]
[WhiteElo "2486"]
[BlackElo "2522"]

1.e4 c5 2.Nf3 Nc6 3.Bb5 d6 4.O-O Bd7 5.Re1 Nf6 6.c3 a6 7.Bf1 Bg4 8.d3 e6
9.Nbd2 Bh5 10.h3 d5 11.g4 Bg6 12.Nh4 dxe4 13.dxe4 Nd7 14.Nxg6 hxg6 15.Qe2 Qc7
16.Nc4 b5 17.Ne3 Bd6 18.f4 c4 19.e5 Be7 20.g5 Nc5 21.Qf3 Rd8 22.Ng4 Nd3 23.Rd1 Nxc1
24.Raxc1 Bc5+ 25.Kh1 O-O 26.b4 cxb3 27.axb3 Ne7 28.Bd3 Rd7 29.b4 Ba7 30.Be4 Rfd8
31.Rxd7 Qxd7 32.Ne3 Qc7 33.Rd1 Rxd1+ 34.Nxd1 Qb6 35.Qf1 a5 36.bxa5 Qxa5 37.Kg2 Qb6
38.Qf2 Qxf2+ 39.Nxf2 Be3 40.Kf3 Bd2 41.Bd3 Bxc3 42.Bxb5 Kf8  1/2-1/2

[Event "21st Open A"]
[Site "Bled SLO"]
[Date "2000.03.30"]
[Round "6"]
[White "Kucera,P"]
[Black "Sermek,D"]
[Result "0-1"]
[WhiteElo "2375"]
[BlackElo "2517"]

1.e4 c5 2.Nf3 Nc6 3.Bb5 e6 4.O-O Nge7 5.Re1 a6 6.Bxc6 Nxc6 7.d4 cxd4 8.Nxd4 d6
9.Nc3 Be7 10.Nxc6 bxc6 11.Qf3 e5 12.Qg3 O-O 13.Bh6 Bf6 14.h4 Rb8 15.b3 Kh8
16.Bg5 Bxg5 17.hxg5 f5 18.gxf6 Rxf6 19.Rad1 Qe7 20.Qg5 Bd7 21.Rd3 Rbf8 22.Red1 h6
23.Qh4 R8f7 24.Qg3 Kh7 25.Qe3 Rxf2 26.Qxf2 Rxf2 27.Kxf2 Bg4 28.R1d2 d5 29.exd5 e4
30.Nxe4 Qxe4 31.d6 Qf4+ 32.Kg1 Bd7 33.Rf2 Qc1+ 34.Kh2 Qg5 35.Rfd2 Bf5 36.d7 Bxd3
37.Rxd3 Qh4+ 38.Kg1 Qd8 39.b4 Kg6 40.a4 Kf7 41.c4 Ke7 42.Kh1 h5 43.Re3+ Kf6
44.Rd3 Ke6 45.Rd1 Ke7 46.b5 cxb5 47.cxb5 a5 48.Re1+ Kd6 49.Rd1+ Kc7 50.Rc1+ Kb7
51.Rd1 g6 52.Rd4 Kb6 53.Rd6+ Kc7 54.Rd4 g5 55.Rc4+ Kb6 56.Rd4 Kc5 57.Rd1 h4
58.Rc1+ Kb6 59.Rd1 g4 60.Rd2 g3 61.Rd1 Kb7 62.Kg1 h3 63.Kh1 Ka7 64.Rd3 Qe7
65.Rxg3 Qxd7 66.Rxh3 Qd1+ 67.Kh2 Qxa4  0-1

[Event "Cat XI Spring"]
[Site "Kiev UKR"]
[Date "2000.03.31"]
[Round "10"]
[White "Galinsky,T"]
[Black "Korotylev,A"]
[Result "0-1"]
[WhiteElo "2424"]
[BlackElo "2477"]

1.e4 c5 2.Nf3 Nc6 3.Bb5 g6 4.O-O Bg7 5.c3 Nf6 6.d3 O-O 7.Ba4 d6 8.h3 e5 9.Be3 Bd7
10.Nbd2 Re8 11.a3 b6 12.b4 h6 13.Nc4 Qc7 14.Bb3 Rad8 15.Qc1 Kh7 16.Ra2 Be6
17.Ncd2 Bxb3 18.Nxb3 Nh5 19.b5 Ne7 20.c4 f5 21.a4 Nf6 22.exf5 gxf5 23.a5 d5
24.axb6 axb6 25.Ra6 d4 26.Bd2 Ng6 27.Qa3 Rd7 28.Nxc5 Qxc5 29.Bb4 Qc7 30.c5 bxc5
31.Bxc5 Qb7 32.Rb1 Nf4 33.Ne1 e4 34.Bd6 Ne2+ 35.Kf1 Nc3 36.Rb3 exd3 37.Nxd3 Qe4  0-1

[Event "Israeli League"]
[Site "Ramat Aviv ISR"]
[Date "2000.03.31"]
[Round "8"]
[White "Oratovsky,M"]
[Black "Kagan,S"]
[Result "1-0"]
[WhiteElo "2491"]
[BlackElo "2390"]

1.e4 c5 2.Nf3 Nc6 3.Bb5 g6 4.Bxc6 dxc6 5.d3 Bg7 6.h3 Nf6 7.Nc3 Nd7 8.Be3 Qa5
9.Qd2 h6 10.O-O e5 11.a3 Nf8 12.b4 cxb4 13.axb4 Qxb4 14.Bxa7 Ne6 15.Bc5 Qxc5
16.Rxa8 O-O 17.Na4 Qb5 18.Ra5  1-0

[Event "ch-LTU"]
[Site "Vilnius LTU"]
[Date "2000.03.31"]
[Round "7"]
[White "Tokarevas,T"]
[Black "Linauskas,D"]
[Result "1/2-1/2"]
[WhiteElo "2175"]
[BlackElo "2323"]

1.e4 c5 2.Nf3 Nc6 3.Bb5 e6 4.O-O Nge7 5.b3 a6 6.Bxc6 Nxc6 7.Bb2 d6 8.d4 cxd4
9.Nxd4 Qf6 10.f4 Nxd4 11.Bxd4 Qg6 12.Qe2 f6 13.Nc3 Be7 14.f5 Qf7 15.fxe6 Bxe6
16.Nd5 O-O 17.c4 Bd8 18.Rad1 Re8 19.Qd3 b5 20.Qg3 Bxd5 21.exd5 bxc4 22.bxc4 Rc8
23.Qxd6 Rxc4 24.Bf2 a5 25.Rfe1 Rc7 26.Rxe8+ Qxe8 27.Qa6 Qh5 28.Qe6+ Qf7 29.Qd6 Rd7
30.Qc6 h6 31.a4 f5 32.d6 Qe6 33.Bb6 Bxb6+ 34.Qxb6 f4 35.Qb8+ Kh7 36.Qb1+ Kg8
37.Qd3 Kf8 38.h3 Kg8 39.Qd4 Kh7 40.Qxf4 Kg8 41.Qd4 Kh7 42.Qd3+ Kg8 43.Qd2 Qb3
44.Qd4 Qe6 45.Qb6 Kh7 46.Kh1 Qf5 47.Re1 Qd3 48.Qxa5 Rxd6 49.Qa8 Rf6 50.Qe4+ Qxe4
51.Rxe4 Rf1+ 52.Kh2 Ra1 53.Kg3 Ra2 54.Kf3 Kg6 55.h4 Kh5 56.Re5+ g5 57.hxg5 hxg5
58.g4+ Kh4 59.Re4 Ra1 60.Ke2 Kg3 61.Rd4 Rc1 62.Kd2 Rc5 63.Kd3 Kf3 64.Rc4 Ra5
65.Kc3 Ra8 66.Kb4 Rb8+ 67.Kc5 Rc8+ 68.Kb5 Rb8+  1/2-1/2

[Event "AUT Staatsliga Qualifier"]
[Site "Linz AUT"]
[Date "2000.04.01"]
[Round "2"]
[White "Niedermayr,H"]
[Black "Gerhold,M"]
[Result "0-1"]
[WhiteElo "2208"]
[BlackElo "2212"]

1.e4 c5 2.Nf3 Nc6 3.Bb5 e6 4.O-O Nge7 5.b3 a6 6.Bxc6 Nxc6 7.Bb2 f6 8.d4 cxd4
9.Nxd4 Be7 10.c4 O-O 11.Nc3 b6 12.Nc2 Bb7 13.Qe2 Qc7 14.Rad1 Bd6 15.Qh5 Ne5
16.Rfe1 Ng6 17.g3 f5 18.Nd4 Bc5 19.exf5 Bxd4 20.Rxd4 Rxf5 21.Qd1 Ne5 22.Rxe5 Rxe5
23.Rxd7 Qxd7  0-1

[Event "Frisco Masters"]
[Site "San Francisco USA"]
[Date "2000.04.01"]
[Round "2"]
[White "Ziatdinov,R"]
[Black "Blohm,D"]
[Result "1-0"]
[WhiteElo "2473"]
[BlackElo "2158"]

1.e4 c5 2.Nf3 Nc6 3.Bb5 g6 4.O-O Bg7 5.d3 Nf6 6.Nc3 O-O 7.Bg5 d6 8.Bxc6 bxc6
9.Qd2 Rb8 10.Rab1 Bg4 11.Nh4 Qc7 12.Bh6 Bxh6 13.Qxh6 Kh8 14.f4 Ng8 15.Qg5 Bd7
16.Rf3 f6 17.Nxg6+ hxg6 18.Qxg6  1-0

[Event "Open"]
[Site "Bad Wildbad GER"]
[Date "2000.04.02"]
[Round "2"]
[White "Galdunts,S"]
[Black "Ballo,E"]
[Result "1-0"]
[WhiteElo "2473"]
[BlackElo "2253"]

1.e4 c5 2.Nf3 Nc6 3.Bb5 g6 4.Bxc6 dxc6 5.d3 Bg7 6.h3 e5 7.Be3 Qe7 8.Qd2 Nf6
9.Bh6 O-O 10.Bxg7 Kxg7 11.Qc3 Nd7 12.Nbd2 f6 13.O-O Re8 14.Nh2 Nf8 15.f4 exf4
16.Rxf4 Qe5 17.Raf1 Qxc3 18.bxc3 f5 19.R4f2 Be6 20.exf5 Bxf5 21.Ne4 Re7 22.Nxc5 Rae8
23.g4 Bc8 24.Ne4 Be6 25.a4 b6 26.Nf3 Nd7 27.Nd4 Bd5 28.Nd6 Rd8 29.c4 Ne5
30.N6f5+ gxf5 31.Nxf5+ Kf6 32.cxd5 Red7 33.dxc6 Rc7 34.d4 Nxc6 35.d5 Nb4
36.Nd4+  1-0

[Event "AUT Staatsliga Qualifier"]
[Site "Linz AUT"]
[Date "2000.04.02"]
[Round "3"]
[White "Jansa,V"]
[Black "Schmittdiel,E"]
[Result "1-0"]
[WhiteElo "2458"]
[BlackElo "2490"]

1.e4 c5 2.Nf3 Nc6 3.Bb5 g6 4.O-O Bg7 5.c3 d6 6.d4 Bd7 7.Re1 Qb6 8.Bxc6 bxc6
9.h3 cxd4 10.cxd4 Nf6 11.Nc3 O-O 12.b3 Rfd8 13.Be3 Qb7 14.Rc1 c5 15.dxc5 Bc6
16.Qc2 Nxe4 17.Nxe4 Bxe4 18.c6 Qb4 19.Bd2 Bxc2 20.Bxb4 Bf5 21.Rxe7 d5 22.Ba5 Rdc8
23.Ree1 Be4 24.c7 a6 25.Red1 Bh6 26.Rc3 Bf4 27.Nd4 Be5 28.Rc5 f6 29.Kf1 Kf7
30.f3 Bxd4 31.Rxd4 Bf5 32.Rdxd5  1-0

[Event "Open"]
[Site "Bad Wildbad GER"]
[Date "2000.04.03"]
[Round "4"]
[White "Velicka,P"]
[Black "Straub,P"]
[Result "1-0"]
[WhiteElo "2458"]
[BlackElo "2126"]

1.e4 c5 2.Nf3 Nc6 3.Bb5 g6 4.Bxc6 dxc6 5.d3 Bg7 6.h3 Nf6 7.Nc3 Be6 8.Be3 Qa5
9.O-O h6 10.Qc1 c4 11.d4 Qh5 12.Ne5 Nd7 13.f4 Nxe5 14.dxe5 f5 15.exf6 exf6
16.f5 gxf5 17.exf5 Bxf5 18.Bc5 O-O-O 19.Bxa7 Bh7 20.Qf4 Qe5 21.Qf2 f5 22.Rfe1 Qa5
23.Kh1 Rde8 24.a3 f4 25.Qxf4 Be5 26.Qg4+ Kc7 27.Bg1 Rhf8 28.Qh5 Kc8 29.Bh2  1-0

[Event "Open"]
[Site "Bad Wildbad GER"]
[Date "2000.04.07"]
[Round "9"]
[White "Boidman,Y"]
[Black "Sprenger,J"]
[Result "0-1"]
[WhiteElo "2422"]
[BlackElo "2256"]

1.e4 c5 2.Nf3 Nc6 3.Bb5 g6 4.O-O Bg7 5.Nc3 e5 6.Bc4 Nge7 7.Ng5 O-O 8.Qf3 d5
9.exd5 Nd4 10.Qd1 h6 11.Nge4 b6 12.d3 Kh7 13.f4 f5 14.Ng3 Bb7 15.h4 exf4
16.Bxf4 Nxd5 17.Nxd5 Bxd5 18.c3 Bxc4 19.dxc4 Qxh4 20.Rf2 Ne6 21.Bd6 Rad8
22.Qd5 Rfe8 23.Rd1 Qg4 24.Rd3 Nc7 25.Qf7 Re1+ 26.Nf1 Ne8 27.Rfd2 Rxd6 28.Rxd6 Nxd6
29.Rxd6 Rxf1+  0-1

[Event "19th Open"]
[Site "Reykjavik ISL"]
[Date "2000.04.07"]
[Round "3"]
[White "Sarbok,T"]
[Black "Thorhallsson,T"]
[Result "1/2-1/2"]
[WhiteElo "2285"]
[BlackElo "2489"]

1.e4 c5 2.Nf3 Nc6 3.Bb5 e6 4.O-O Nge7 5.c3 a6 6.Ba4 b5 7.Bc2 d5 8.exd5 Qxd5
9.d4 Bb7 10.c4 bxc4 11.Nc3 Qh5 12.dxc5 Nf5 13.Nd5 O-O-O 14.Nb6+ Kb8 15.Nd7+ Kc8
16.Nb6+ Kb8 17.Nd7+ Kc8 18.Nb6+  1/2-1/2

[Event "19th Open"]
[Site "Reykjavik ISL"]
[Date "2000.04.08"]
[Round "4"]
[White "Bjarnason,S"]
[Black "Fridjonsson,J"]
[Result "1-0"]
[WhiteElo "2305"]
[BlackElo "2191"]

1.e4 c5 2.Nf3 Nc6 3.Bb5 Nf6 4.e5 Nd5 5.O-O Nc7 6.Be2 g6 7.c3 d6 8.exd6 Qxd6
9.Na3 Bg7 10.d3 O-O 11.Nc4 Qd5 12.Re1 Ne6 13.a4 b6 14.Bf1 Rd8 15.Qe2 Ba6
16.Be3 Rd7 17.Qc2 Rb8 18.Rad1 Bb7 19.Bc1 Rbd8 20.Re3 Ba6 21.Rde1 Qf5 22.Re4 Qd5
23.Qe2 Qf5 24.Qe3 Qd5 25.Rh4 h6 26.Qe2 g5 27.Re4 Qf5 28.Qc2 Bb7 29.Qb3 Ba6
30.Nfe5 Nxe5 31.Nxe5 c4 32.Qa3 Nc5 33.R4e3 cxd3 34.Nxd7 Rxd7 35.Bd2 e5 36.a5 Bc4
37.axb6 axb6 38.Qa8+ Kh7 39.Qc6 Bd5 40.Qxb6 Nb3 41.Bxd3 e4 42.Rxe4 Nxd2 43.Rd4 Be4
44.Rexe4 Nxe4 45.Rxd7 Qxd7 46.Bxe4+ Kg8 47.g3 Bf8 48.Qb7 Qd6 49.Bd5 Qf6 50.Qc6 Bd6
51.Qd7 Bc5 52.Qc8+ Bf8 53.Kg2 Kg7 54.Be4 Qb6 55.b4 Bd6 56.Qf5 Bb8 57.c4 Kf8
58.Bd5 Qc7 59.Qh7  1-0